000 00744nam a22002537a 4500
001 54479
003 UA-OsUOA
005 20200115182706.0
007 ta
008 20171025b un ||||| |||| 00| 0 ukr d
040 _aUA-OsUOA
_bukr
_cUA-OsUOA
_dUA-OsUOA
041 _aukr
080 _a09/82.-1
090 _a09/82.-1
_bК31
100 _aКащенко А.
245 _aЗ Дніпра на Дунай
_bповість
260 _bНа чужині
_c1948
300 _a115 с.
650 7 _2UDC
_a82 Література. Літературознавство
942 _cBK
_2udc
955 _a3
999 _c434597
_d434597